000
00308nam a2200121 a 4500
005
20140414131918.0
008
101021s19uu xx 00 eng d
050
_a
ER
_b
Is1 2003
100
_a
Marzollo, Dan
245
_a
I SPY PIRATE TREASURE.
260
_a
New York :
_b
Scholastic ,
_c
2003.
999
_c
111606
_d
111606